| 000 | 01183cam a22003135a 4500 | ||
|---|---|---|---|
| 003 | EG-ScBUE | ||
| 005 | 20220418102926.0 | ||
| 008 | 180828s1992 enka f b 001 0 eng d | ||
| 020 | _a0333537688 | ||
| 020 | _a9780333537688 | ||
| 040 |
_aEG-ScBUE _beng _erda _cEG-ScBUE _dEG-ScBUE |
||
| 082 | 0 | 4 |
_a420.9 _bFRE _222 |
| 100 | 1 |
_aFreeborn, Dennis, _eauthor. |
|
| 245 | 1 | 0 |
_aFrom old English to standard English : _ba coursebook in language variation across time / _cDennis Freeborn. |
| 264 | 1 |
_aHampshire ; _aLondon : _bMacmillan Press Ltd, _c1992. |
|
| 300 |
_axvi, 218 pages : _billustrations ; _c25 cm. |
||
| 336 |
_2rdacontent _atext _btxt |
||
| 337 |
_2rdamedia _aunmediated _bn |
||
| 338 |
_2rdacarrier _avolume _bnc |
||
| 490 | 0 | _aStudies in English language | |
| 504 | _aIncludes bibliographical references and index. | ||
| 650 | 7 |
_aEnglish language _xHistory _xProblems, exercises, etc. _2BUEsh |
|
| 650 | 7 |
_aEnglish language _xVariation _xProblems, exercises, etc. _2BUEsh |
|
| 650 | 7 |
_aEnglish language _xStandardization _xProblems, exercises, etc. _2BUEsh |
|
| 651 | _2BUEsh | ||
| 653 |
_bHHUUEENN _cAugust2018 |
||
| 655 |
_vReading book _934232 |
||
| 942 |
_2ddc _cBB |
||
| 999 |
_c9433 _d9433 |
||